| 000 | 00638nam a2200193 i 4500 | ||
|---|---|---|---|
| 001 | 50621 | ||
| 003 | ES-MaACL | ||
| 005 | 20251115063235.0 | ||
| 007 | t| | ||
| 008 | 030805s1953 cu ||||1| spa d | ||
| 100 | 0 |
_aChacón y Calvo, José María, _d1893-1969 _937770 |
|
| 245 | 1 | 3 |
_aEl Padre Varela y su apostolado / _cJosé María Chacón y Calvo. |
| 260 |
_aLa Habana : _b[s.n.], _c1953 ( _fImp. P. Fernández) |
||
| 300 |
_a40 p. ; _c22 cm. |
||
| 490 | 1 | _aCuadernos de divulgación cultural | |
| 830 | 0 |
_aCuadernos de divulgación cultural _9230137 |
|
| 852 |
_aES-MaACL _j2017-F-23 _bR.43168 |
||
| 999 |
_c50621 _d50621 |
||